[Event "Montreal Mercredi 04"]
[Site "Montreal"]
[Date "2009.04.22"]
[Round "4"]
[White "Pregent, Daniel"]
[Black "Tremblay, Sigfrid"]
[Result "1-0"]
[WhiteElo "1821"]
[BlackElo "1867"]
[PlyCount "66"]
[EventDate "2009.04.01"]
[EventType "tourn"]
[EventRounds "5"]
[EventCountry "CAN"]
[SourceTitle "EXT 2011"]
[Source "ChessBase"]
[SourceDate "2010.11.26"]
[SourceVersion "1"]
[SourceVersionDate "2010.11.26"]
[SourceQuality "1"]

1. d4 e6 2. Nf3 f5 3. c4 Nf6 4. Nc3 d6 5. e3 Be7 6. Bd3 0-0 7. b3 c5 8. 0-0 Nc6 9. Bb2 e5 10. Bb1 e4 11. Ng5 cxd4 12. exd4 d5 13. Nh3 dxc4 14. d5 Nb4 15. bxc4 Ng4 16. Nb5 a6 17. d6 axb5 18. dxe7 Qxe7 19. cxb5 Rd8 20. Qe2 Qd6 21. g3 Be6 22. Ng5 Bd5 23. a3 h6 24. Nxe4 Qe7 25. Nf6+ Qxf6 26. Bxf6 Nxf6 27. Bxf5 Re8 28. Qd2 Re5 29. Bh3 Rh5 30. Bg2 Bxg2 31. Kxg2 Nbd5 32. a4 Ne4 33. Qe2 Nec3 1-0

[Event "Montreal Mercredi 02"]
[Site "Montreal"]
[Date "2009.03.11"]
[Round "4"]
[White "Tremblay, Sigfrid"]
[Black "Forget, Luc"]
[Result "1/2-1/2"]
[WhiteElo "1858"]
[BlackElo "2082"]
[PlyCount "75"]
[EventDate "2009.02.18"]
[EventType "tourn"]
[EventRounds "5"]
[EventCountry "CAN"]
[SourceTitle "EXT 2011"]
[Source "ChessBase"]
[SourceDate "2010.11.26"]
[SourceVersion "1"]
[SourceVersionDate "2010.11.26"]
[SourceQuality "1"]

1. e4 d5 2. exd5 Qxd5 3. Nf3 Nf6 4. Nc3 Qd6 5. d4 a6 6. g3 Nc6 7. Bf4 Qd8 8. Bg2 e6 9. a3 Be7 10. Qd3 0-0 11. Rd1 Nd5 12. Bc1 Bf6 13. Ne4 b5 14. Nxf6+ Qxf6 15. Ng5 Qg6 16. Be4 f5 17. Bg2 Bb7 18. 0-0 Rad8 19. Rfe1 Bc8 20. c4 bxc4 21. Qxc4 Rd6 22. Nh3 Nce7 23. Nf4 Qf6 24. Nxd5 Nxd5 25. Bxd5 Rxd5 26. Bf4 c6 27. Be5 Qf7 28. Rc1 Bb7 29. Re3 Rfd8 30. Qe2 Qd7 31. Rc5 Rxc5 32. dxc5 Qd1+ 33. Kg2 Qd5+ 34. f3 Qxc5 35. Bc3 Bc8 36. Rd3 Rd5 37. Rxd5 Qxd5 38. Qe5 1/2-1/2

[Event "Montreal Mercredi 02"]
[Site "Montreal"]
[Date "2009.02.18"]
[Round "1"]
[White "Tremblay, Sigfrid"]
[Black "Morin, Louis"]
[Result "0-1"]
[WhiteElo "1858"]
[BlackElo "1926"]
[PlyCount "136"]
[EventDate "2009.02.18"]
[EventType "tourn"]
[EventRounds "5"]
[EventCountry "CAN"]
[SourceTitle "EXT 2011"]
[Source "ChessBase"]
[SourceDate "2010.11.26"]
[SourceVersion "1"]
[SourceVersionDate "2010.11.26"]
[SourceQuality "1"]

1. e4 e5 2. Bb5 c6 3. Ba4 Nf6 4. Qe2 Be7 5. f4 d6 6. Nf3 Nbd7 7. Nc3 0-0 8. 0-0 Qc7 9. d3 Nc5 10. Bb3 a5 11. d4 exd4 12. Nxd4 b5 13. e5 a4 14. exf6 Bxf6 15. Ndxb5 cxb5 16. Nxb5 Qc6 17. Bc4 d5 18. Bxd5 Qxd5 19. Nc7 Ba6 20. Nxd5 Bxe2 21. Nxf6+ gxf6 22. Re1 Rfe8 23. Bd2 Bb5 24. h3 Ne4 25. Bb4 Bd7 26. Rad1 Bc6 27. Re3 f5 28. c4 Kg7 29. g4 Kg6 30. Be1 h5 31. g5 Re6 32. b4 axb3 33. axb3 Ra2 34. b4 Rc2 35. b5 Rxc4 36. bxc6 Rcxc6 37. Re2 Rc4 38. Kg2 Nxg5 39. Rxe6+ Nxe6 40. Bg3 Nxf4+ 41. Bxf4 Rxf4 42. Kg3 Kg5 43. Rd6 h4+ 44. Kg2 Ra4 45. Rd7 f6 46. Rh7 f4 47. Rg7+ Kf5 48. Rh7 Ra2+ 49. Kf3 Ra3+ 50. Kg2 Rg3+ 51. Kh2 Kg5 52. Rh8 f3 53. Rb8 f2 54. Rb1 Rg1 55. Rxg1+ fxg1Q+ 56. Kxg1 Kf4 57. Kg2 Ke3 58. Kf1 Kf3 59. Ke1 Kg3 60. Ke2 f5 61. Kf1 Kxh3 62. Kf2 Kg4 63. Kg2 f4 64. Kh2 Kf3 65. Kg1 Ke2 66. Kg2 f3+ 67. Kh1 f2 68. Kh2 Kf3 0-1

[Event "Montreal Mercredi 10"]
[Site "Montreal"]
[Date "2008.10.22"]
[Round "3"]
[White "Tremblay, Sigfrid"]
[Black "Cote, Philippe"]
[Result "1-0"]
[WhiteElo "1757"]
[BlackElo "1756"]
[PlyCount "39"]
[EventDate "2008.10.08"]
[EventType "tourn"]
[EventRounds "5"]
[EventCountry "CAN"]
[SourceTitle "EXT 2011"]
[Source "ChessBase"]
[SourceDate "2010.11.26"]
[SourceVersion "1"]
[SourceVersionDate "2010.11.26"]
[SourceQuality "1"]

1. e4 g6 2. d4 Bg7 3. Nc3 d6 4. Be3 a6 5. a4 b6 6. g4 Nd7 7. Nge2 e6 8. Bg2 Ne7 9. Qd2 h6 10. f4 Bb7 11. Ng3 Rc8 12. f5 c5 13. 0-0 cxd4 14. Bxd4 Bxd4+ 15. Qxd4 Ne5 16. fxe6 fxe6 17. Rad1 N7c6 18. Qf2 Qc7 19. Qf6 Qe7 20. Qxh8+ 1-0

[Event "Montreal Mercredi 10"]
[Site "Montreal"]
[Date "2008.10.15"]
[Round "2"]
[White "Pregent, Daniel"]
[Black "Tremblay, Sigfrid"]
[Result "0-1"]
[WhiteElo "1737"]
[BlackElo "1757"]
[PlyCount "118"]
[EventDate "2008.10.08"]
[EventType "tourn"]
[EventRounds "5"]
[EventCountry "CAN"]
[SourceTitle "EXT 2011"]
[Source "ChessBase"]
[SourceDate "2010.11.26"]
[SourceVersion "1"]
[SourceVersionDate "2010.11.26"]
[SourceQuality "1"]

1. d4 Nf6 2. Nf3 g6 3. c4 Bg7 4. Nc3 d6 5. h3 0-0 6. e4 e5 7. d5 c6 8. Be3 cxd5 9. cxd5 Qa5 10. Qd2 Nbd7 11. Nb5 Qxd2+ 12. Nxd2 Ne8 13. Nxa7 f5 14. f3 Ndf6 15. Nxc8 Rxc8 16. Bd3 fxe4 17. fxe4 Nh5 18. Rf1 Nf4 19. Bxf4 exf4 20. Rb1 g5 21. Ke2 Nf6 22. Rfc1 Nd7 23. b4 h5 24. a4 g4 25. hxg4 hxg4 26. Nc4 Be5 27. Na5 f3+ 28. gxf3 gxf3+ 29. Kf2 Bd4+ 30. Kg3 Ne5 31. Bb5 Kf7 32. Rxc8 Rxc8 33. Nxb7 Rg8+ 34. Kf4 Kf6 35. Bd7 Nxd7 36. Kxf3 Ne5+ 37. Ke2 Rg2+ 38. Kd1 Nc4 39. Rb3 Rd2+ 40. Ke1 Bf2+ 41. Kf1 Ne3+ 42. Rxe3 Bxe3 43. Nxd6 Ra2 44. Nc4 Bd4 45. a5 Bc3 46. b5 Bxa5 47. e5+ Kf5 48. b6 Bxb6 49. Nxb6 Kxe5 50. Ke1 Kd6 51. Kd1 Kc5 52. Nd7+ Kxd5 53. Nb6+ Kd4 54. Nd7 Ra6 55. Kd2 Rd6 56. Nf8 Ke5+ 57. Ke3 Kf6 58. Kf4 Rd4+ 59. Ke3 Rd8 0-1

[Event "Montreal Mercredi 10"]
[Site "Montreal"]
[Date "2008.10.08"]
[Round "1"]
[White "Tremblay, Sigfrid"]
[Black "Baran, Marius"]
[Result "1-0"]
[WhiteElo "1757"]
[BlackElo "1695"]
[PlyCount "104"]
[EventDate "2008.10.08"]
[EventType "tourn"]
[EventRounds "5"]
[EventCountry "CAN"]
[SourceTitle "EXT 2011"]
[Source "ChessBase"]
[SourceDate "2010.11.26"]
[SourceVersion "1"]
[SourceVersionDate "2010.11.26"]
[SourceQuality "1"]

1. e4 c5 2. Nc3 e6 3. g3 Nc6 4. Bg2 Nf6 5. d3 d5 6. Nh3 d4 7. Ne2 e5 8. 0-0 Bd6 9. f4 Bg4 10. Nf2 h5 11. h3 Bxe2 12. Qxe2 h4 13. gxh4 Qd7 14. f5 Rxh4 15. Bg5 Rh7 16. Bf3 Be7 17. Bd2 0-0-0 18. Kh2 Rdh8 19. Rg1 g6 20. Bg5 gxf5 21. Bxf6 Bxf6 22. exf5 Qc7 23. Kg2 Bg5 24. Bg4 Be3 25. Rgf1 f6 26. Ne4 Qg7 27. Rh1 Ne7 28. Qf3 Nd5 29. Nd6+ Kb8 30. Qxd5 Qd7 31. Qe6 Qc6+ 32. Ne4 Qxe6 33. fxe6 Rh6 34. Rhf1 Bf4 35. Nxc5 Rg6 36. Kf3 f5 37. Bxf5 Rg3+ 38. Ke4 Kc7 39. Kd5 Rd8+ 40. Kc4 Rg7 41. Kb3 b6 42. e7 Re8 43. Ne6+ Kd6 44. Nxf4 exf4 45. Rae1 Rexe7 46. Rxe7 Kxe7 47. Rxf4 Rg5 48. Bg4 Rb5+ 49. Ka3 Ra5+ 50. Kb4 Rxa2 51. Kb3 Ra5 52. Rxd4 a6 1-0

[Event "Montreal Mercredi 10"]
[Site "Montreal"]
[Date "2007.10.24"]
[Round "3"]
[White "Dominique, Vladimir"]
[Black "Tremblay, Sigfrid"]
[Result "1-0"]
[WhiteElo "1819"]
[BlackElo "1935"]
[PlyCount "49"]
[EventDate "2007.10.10"]
[EventType "swiss"]
[EventRounds "5"]
[EventCountry "CAN"]
[SourceTitle "EXT 2022"]
[Source "ChessBase"]
[SourceDate "2021.10.06"]
[SourceVersion "1"]
[SourceVersionDate "2021.10.06"]
[SourceQuality "1"]

1. e4 d6 2. d4 g6 3. Nc3 Bg7 4. Be3 Nf6 5. f3 c6 6. Qd2 Nbd7 7. Bh6 0-0 8. Bc4 b5 9. Bd3 a6 10. h4 c5 11. h5 cxd4 12. Nd5 e5 13. hxg6 fxg6 14. Bxg7 Kxg7 15. Qh6+ Kh8 16. Nh3 Nxd5 17. exd5 Nf6 18. Ng5 Ra7 19. Bxg6 Qe7 20. Nxh7 Nxh7 21. Bxh7 Rf6 22. Bg6+ Qh7 23. Qxh7+ Rxh7 24. Rxh7+ Kg8 25. Be4 1-0

[Event "Montreal Mercredi 10"]
[Site "Montreal"]
[Date "2007.10.17"]
[Round "2"]
[White "Tremblay, Sigfrid"]
[Black "Lacroix, Serge"]
[Result "1/2-1/2"]
[WhiteElo "1935"]
[BlackElo "1989"]
[PlyCount "73"]
[EventDate "2007.10.10"]
[EventType "swiss"]
[EventRounds "5"]
[EventCountry "CAN"]
[SourceTitle "EXT 2022"]
[Source "ChessBase"]
[SourceDate "2021.10.06"]
[SourceVersion "1"]
[SourceVersionDate "2021.10.06"]
[SourceQuality "1"]

1. e4 Nf6 2. e5 Nd5 3. Nc3 Nxc3 4. bxc3 d6 5. exd6 cxd6 6. d4 g6 7. Bd3 Bg7 8. Be3 Qa5 9. Ne2 Bf5 10. Bxf5 Qxf5 11. 0-0 Nc6 12. Qd3 Qxd3 13. cxd3 0-0 14. Rab1 b6 15. c4 e5 16. d5 Ne7 17. f3 Nf5 18. Bd2 Bh6 19. Bxh6 Nxh6 20. g4 f5 21. h3 Nf7 22. Nc3 Rad8 23. a4 fxg4 24. fxg4 Ng5 25. Kg2 Rxf1 26. Rxf1 Kg7 27. h4 Nf7 28. Ne4 h6 29. Rf6 a6 30. Re6 b5 31. axb5 axb5 32. cxb5 Rb8 33. Nc3 Rc8 34. Ne4 Rb8 35. Nc3 Rc8 36. Ne4 Rb8 37. Nc3 1/2-1/2

[Event "Montreal Fete du travail"]
[Site "Montreal"]
[Date "2007.09.03"]
[Round "5"]
[White "Tremblay, Sigfrid"]
[Black "Benoit, Sebastien"]
[Result "1-0"]
[WhiteElo "1926"]
[BlackElo "1880"]
[PlyCount "61"]
[EventDate "2007.09.01"]
[EventType "swiss"]
[EventRounds "5"]
[EventCountry "CAN"]
[SourceTitle "EXT 2022"]
[Source "ChessBase"]
[SourceDate "2021.10.06"]
[SourceVersion "1"]
[SourceVersionDate "2021.10.06"]
[SourceQuality "1"]

1. e4 c5 2. Nc3 Nc6 3. g3 Nf6 4. Bg2 e6 5. d3 Be7 6. f4 d6 7. Nh3 0-0 8. 0-0 Rb8 9. Nf2 Nd4 10. Ne2 e5 11. c3 Nxe2+ 12. Qxe2 b5 13. f5 Bb7 14. c4 Bc6 15. b3 a5 16. g4 a4 17. g5 Nd7 18. h4 bxc4 19. bxc4 Qa5 20. f6 gxf6 21. gxf6 Bxf6 22. Bh6 Rfe8 23. Qh5 Re7 24. Ng4 Bg7 25. Bxg7 Kxg7 26. Qh6+ Kg8 27. Qg5+ Kf8 28. Nh6 Ke8 29. Qg8+ Nf8 30. Rxf7 Kd7 31. Bh3+ 1-0